Top 25 Baby Girl Names Beginning with U - Statistics

General Stats
  • This quiz has been taken 129 times
  • The average score is 8 of 25
Answer Stats
Hint Answer % Correct
8 Ursula
87%
2 Uma
81%
19 Ulla
77%
3 Una
74%
10 Uri
67%
1 Unique
50%
9 Uriah
36%
16 Uriyah
36%
14 Umi
35%
12 Umme
35%
6 Unity
35%
11 Uriel
30%
21 Urielle
30%
24 Ulyssa
21%
13 Udy
20%
25 Uriella
16%
5 Ulani
15%
4 Ulanni
15%
20 Ulyana
13%
23 Universe
13%
7 Urvi
6%
15 Umaiza
5%
18 Urenna
2%
22 Umamah
1%
17 Urja
1%
No matching quizzes found
Score Distribution
Percent of People with Each Score
Percentile by Number Answered
Your Score History
You have not taken this quiz